[Event "Reykjavik Open"]
[Site "Reykjavik ISL"]
[Date "2017.04.22"]
[EventDate "2017.04.19"]
[Round "5.90"]
[Result "0-1"]
[White "Jon Thor Lemery"]
[Black "Heidrikur Tindskar Jacobsen"]
[WhiteElo "1708"]
[BlackElo "1951"]
[PlyCount "106"]

1. e4 d6 2. d4 g6 3. Nc3 Bg7 4. f4 Nf6 5. Nf3 O-O 6. Bd3 Nfd7
7. f5 c5 8. fxg6 hxg6 9. d5 Ne5 10. Nxe5 Bxe5 11. Bh6 Bg7
12. Bxg7 Kxg7 13. h4 Rh8 14. Qf3 Nd7 15. O-O-O Ne5 16. Qf4 Bg4
17. Be2 Qd7 18. Bb5 Qc8 19. Rdf1 c4 20. Kb1 Qc5 21. h5 Rxh5
22. Rxh5 gxh5 23. Qg5+ Ng6 24. e5 dxe5 25. d6 Qxd6 26. Bxc4 f6
27. Qe3 Qd4 28. Qxd4 exd4 29. Nd5 Rd8 30. Nf4 Nxf4 31. Rxf4 e5
32. Re4 Kh6 33. Re1 Kg5 34. g3 Re8 35. Bd5 Re7 36. Kc1 f5
37. b4 h4 38. gxh4+ Kxh4 39. Rh1+ Kg3 40. Rg1+ Kf4 41. Rf1+
Kg5 42. Rg1 e4 43. a4 Kf4 44. Rf1+ Ke5 45. Bc4 Rc7 46. Bb3 e3
47. Re1 f4 48. Rg1 Kf5 49. c4 f3 50. c5 f2 51. Bc2+ Kf4
52. Rh1 e2 53. Rf1 exf1=Q+ 0-1

[Event "Reykjavik Open"]
[Site "Reykjavik ISL"]
[Date "2017.04.22"]
[EventDate "2017.04.19"]
[Round "5.91"]
[Result "1-0"]
[White "Peter J Mulleady"]
[Black "Smari Arnarson"]
[WhiteElo "1949"]
[BlackElo "1550"]
[PlyCount "105"]

1. d4 Nf6 2. Bf4 d5 3. e3 c5 4. c3 Nc6 5. Nd2 e6 6. Bd3 Bd6
7. Bxd6 Qxd6 8. f4 O-O 9. Ngf3 cxd4 10. cxd4 b6 11. a3 Bb7
12. O-O Ne7 13. Ne5 Nf5 14. Qe2 Ne4 15. g4 Ne7 16. Qg2 f6
17. Nef3 Ng6 18. h4 f5 19. h5 Ne7 20. g5 Rac8 21. Ne5 Nc6
22. Ndf3 Na5 23. h6 g6 24. Bxe4 dxe4 25. Nh4 Nc4 26. Nxc4 Rxc4
27. Rfc1 Rfc8 28. Qd2 Qc6 29. Rxc4 Qxc4 30. Ng2 Qc2 31. Qb4
Qc7 32. Rd1 Qc2 33. Rd2 Qc7 34. Ne1 a5 35. Qb3 Bd5 36. Qd1 Qc1
37. Kf2 Qxd1 38. Rxd1 Bb3 39. Rb1 Kf7 40. Ke2 Ke7 41. Kd2 Kd6
42. Rc1 Rxc1 43. Kxc1 Kd5 44. Kd2 Kc4 45. Ng2 b5 46. Nh4 b4
47. Nxg6 bxa3 48. bxa3 e5 49. Nxe5+ Kb5 50. Kc3 Bg8 51. g6
hxg6 52. Nxg6 Bh7 53. Nf8 1-0

[Event "Reykjavik Open"]
[Site "Reykjavik ISL"]
[Date "2017.04.22"]
[EventDate "2017.04.19"]
[Round "5.92"]
[Result "1-0"]
[White "Fridgeir K Holm"]
[Black "Kilian Le Creurer"]
[WhiteElo "1726"]
[BlackElo "1942"]
[PlyCount "146"]

1. e4 c5 2. Nf3 d6 3. d4 cxd4 4. Nxd4 Nf6 5. Nc3 a6 6. Bg5 e6
7. f4 Be7 8. Qf3 Qc7 9. O-O-O b5 10. e5 Bb7 11. Qe2 Nd5
12. Nxd5 Bxd5 13. Bxe7 Qxe7 14. exd6 Qxd6 15. Qe5 Qxe5
16. fxe5 Nd7 17. Re1 Rc8 18. Kb1 Ke7 19. Rg1 Rhd8 20. g3 Nc5
21. Ne2 Ne4 22. Bg2 Nd2+ 23. Kc1 Bxg2 24. Rxg2 Nf3 25. Rd1
Nxe5 26. Rxd8 Rxd8 27. b3 g5 28. Nc3 f5 29. h4 h6 30. hxg5
hxg5 31. Rh2 Ng4 32. Rh7+ Kf6 33. Ra7 Rd6 34. Ne2 e5 35. c4 f4
36. gxf4 exf4 37. Nc3 Kf5 38. cxb5 axb5 39. Nxb5 Rd8 40. Nc3
Ne3 41. Ra5+ Kg4 42. Ne4 Nd5 43. Rxd5 Rxd5 44. Nf6+ Kf3
45. Nxd5 Ke2 46. Nc3+ Ke1 47. b4 g4 48. b5 g3 49. b6 g2 50. b7
g1=Q 51. b8=Q Qe3+ 52. Kb2 Qd2+ 53. Kb3 f3 54. Qe5+ Kf1
55. Qe4 Qg2 56. Qe3 Qg8+ 57. Kc2 Kg2 58. Qe4 Qc8 59. Kd2 Qc5
60. Qg4+ Kh2 61. Qxf3 Qb4 62. Kc2 Qb6 63. a4 Qb4 64. Qe2+ Kg1
65. Qb5 Qg4 66. a5 Qg6+ 67. Kb3 Qf7+ 68. Kb4 Qf4+ 69. Qc4 Qb8+
70. Nb5 Kg2 71. Qc6+ Kh3 72. a6 Qf4+ 73. Ka5 Qd2+ 1-0

[Event "Reykjavik Open"]
[Site "Reykjavik ISL"]
[Date "2017.04.22"]
[EventDate "2017.04.19"]
[Round "5.94"]
[Result "1-0"]
[White "Ingrid Jodre Kvamme"]
[Black "Dustin Tennessee Opasiak"]
[WhiteElo "1444"]
[BlackElo "1885"]
[PlyCount "93"]

1. Nf3 d5 2. c4 d4 3. d3 Nc6 4. g3 e5 5. Bg2 Bb4+ 6. Bd2 a5
7. O-O Nf6 8. a3 Bc5 9. Re1 O-O 10. e3 dxe3 11. Bxe3 Bxe3
12. Rxe3 e4 13. Ne1 Bg4 14. Qd2 exd3 15. Rxd3 Qe7 16. Nc3 Rad8
17. Nf3 Bf5 18. Rxd8 Rxd8 19. Qf4 Be6 20. Re1 h6 21. Nb5 Qc5
22. Qxc7 Rd7 23. Qf4 Bxc4 24. Nc3 Be6 25. Ne5 Nxe5 26. Rxe5
Qd6 27. Rxa5 Qxf4 28. gxf4 Rd4 29. Bxb7 Rxf4 30. Ra4 Rf5
31. Ne4 Re5 32. Nxf6+ gxf6 33. Re4 Rb5 34. Rb4 Re5 35. a4 Bh3
36. f4 Re1+ 37. Kf2 Ra1 38. Bc6 Bf5 39. Rb5 Bd3 40. Rb3 Bc4
41. Rb8+ Kg7 42. b4 Ra2+ 43. Ke3 Rxh2 44. b5 Ra2 45. b6 Bb3
46. Ra8 Ra3 47. Kd4 1-0

[Event "Reykjavik Open"]
[Site "Reykjavik ISL"]
[Date "2017.04.22"]
[EventDate "2017.04.19"]
[Round "5.97"]
[Result "1/2-1/2"]
[White "Mikael Moller"]
[Black "Ingvar Egill Vignisson"]
[WhiteElo "1965"]
[BlackElo "1693"]
[PlyCount "118"]

1. d4 d5 2. c4 c6 3. e3 Nf6 4. Nc3 e6 5. Nf3 Nbd7 6. b3 Be7
7. Bd3 O-O 8. O-O dxc4 9. bxc4 b6 10. e4 Bb7 11. Be3 Qc7
12. Qd2 e5 13. d5 Nc5 14. Bc2 Ba6 15. Qe2 cxd5 16. exd5 Bd6
17. h3 Rac8 18. Nd2 Ncd7 19. Bb3 Rfe8 20. Bg5 Bb4 21. Nb5 Bxb5
22. cxb5 Bxd2 23. Bxd2 Nc5 24. Rac1 Qd7 25. Bc4 Nxd5 26. Rfd1
Qb7 27. Bg5 Nf4 28. Qg4 h5 29. Qg3 Qe4 30. Re1 Qf5 31. Bxf4
exf4 32. Qf3 Rxe1+ 33. Rxe1 Kf8 34. Qe2 Ne6 35. Bxe6 fxe6
36. Qxe6 Qxe6 37. Rxe6 Rc1+ 38. Kh2 Rc2 39. f3 Rxa2 40. Re4
Ra5 41. Rxf4+ Ke7 42. Rf5 g6 43. Rg5 Kf6 44. h4 a6 45. bxa6
Rxa6 46. Rb5 Kg7 47. Kg3 Kf7 48. Kf4 Kf6 49. Rb4 Kg7 50. Ke4
b5 51. Ke5 Ra4 52. Rxb5 Rxh4 53. Rb7+ Kh6 54. Rb2 Rh2 55. Kf4
h4 56. Kg4 h3 57. Kg3 Rxg2+ 58. Rxg2 hxg2 59. Kxg2 Kg5 1/2-1/2

[Event "Reykjavik Open"]
[Site "Reykjavik ISL"]
[Date "2017.04.22"]
[EventDate "2017.04.19"]
[Round "5.98"]
[Result "1/2-1/2"]
[White "Andre Zybura"]
[Black "Elmar Fjallheim"]
[WhiteElo "1894"]
[BlackElo "1691"]
[PlyCount "125"]

1. e4 e6 2. d4 d5 3. e5 c5 4. c3 Nc6 5. Nf3 Qb6 6. Bd3 Bd7
7. dxc5 Bxc5 8. O-O Nh6 9. b4 Be7 10. Na3 a6 11. Nc2 f6
12. Qe2 Nf7 13. exf6 Bxf6 14. Ncd4 Nxd4 15. cxd4 O-O 16. Be3
Qd6 17. Qd2 e5 18. dxe5 Nxe5 19. Nxe5 Bxe5 20. Bc5 Bxh2+
21. Kh1 Qe5 22. Qe2 Rf6 23. g3 Bxg3 24. fxg3 Rh6+ 25. Kg1
Qxg3+ 26. Qg2 Qxd3 27. Rad1 Qg6 28. Rf2 Qxg2+ 29. Kxg2 Re8
30. Re1 Rhe6 31. Ref1 h6 32. Rf7 Rg6+ 33. Kh1 Bc6 34. Be7 d4+
35. Kh2 Bd5 36. Rf8+ Rxf8 37. Rxf8+ Kh7 38. Rd8 Bxa2 39. Rxd4
b5 40. Bc5 Rg5 41. Rd6 Rg6 42. Rd8 Bc4 43. Rb8 Rc6 44. Bd4 Kg6
45. Rb7 Bf7 46. Ra7 Re6 47. Kg3 Rd6 48. Bc5 Rc6 49. Bd4 Re6
50. Kf4 h5 51. Kg3 h4+ 52. Kf4 h3 53. Kg3 Rd6 54. Bc5 Rd3+
55. Kh2 Ra3 56. Bd4 Bd5 57. Rxg7+ Kf5 58. Rg3 Rxg3 59. Kxg3
Bg2 60. Bb6 Ke5 61. Ba5 Kd5 62. Kh2 Ke4 63. Bb6 1/2-1/2

[Event "Reykjavik Open"]
[Site "Reykjavik ISL"]
[Date "2017.04.22"]
[EventDate "2017.04.19"]
[Round "5.100"]
[Result "1/2-1/2"]
[White "Anthony Boron"]
[Black "Derek Roebuck"]
[WhiteElo "1865"]
[BlackElo "1661"]
[PlyCount "99"]

1. e4 e5 2. Nf3 Nc6 3. Bc4 Nf6 4. d3 Be7 5. c3 O-O 6. h3 d5
7. exd5 Nxd5 8. O-O Bf6 9. Nbd2 Na5 10. Bxd5 Qxd5 11. Ne4 Bf5
12. Nxf6+ gxf6 13. d4 Rad8 14. Bh6 Rfe8 15. dxe5 fxe5 16. Bg5
Qxd1 17. Rfxd1 Rxd1+ 18. Rxd1 Nc6 19. Nh4 Bc8 20. Rd3 f5
21. Rg3 Kf7 22. Bh6 Rg8 23. Rxg8 Kxg8 24. Be3 Kf7 25. Nf3 a6
26. g3 h5 27. h4 Kf6 28. Kf1 e4 29. Ng5 Ne5 30. Bd4 c5
31. Bxc5 Nd3 32. Bd4+ Kg6 33. c4 Nc1 34. a3 Nb3 35. Bc3 Bd7
36. Ke2 a5 37. Nh3 Be8 38. Nf4+ Kh6 39. Bf6 Bf7 40. Bg5+ Kg7
41. Nd5 a4 42. Nb6 Be8 43. Bd2 Nxd2 44. Kxd2 Kf6 45. Ke3 Ke5
46. Nd5 Bf7 47. Nf4 Be8 48. Nd5 Bf7 49. Nb6 Be8 50. Nd5
1/2-1/2

[Event "Reykjavik Open"]
[Site "Reykjavik ISL"]
[Date "2017.04.22"]
[EventDate "2017.04.19"]
[Round "5.102"]
[Result "1/2-1/2"]
[White "Teck Woon Tan"]
[Black "Margar M Berg"]
[WhiteElo "1636"]
[BlackElo "1813"]
[PlyCount "177"]

1. d4 d5 2. Bf4 e6 3. e3 a6 4. Nf3 c5 5. Nbd2 Nc6 6. c3 Nf6
7. Bd3 Be7 8. h3 Bd7 9. O-O O-O 10. Re1 c4 11. Bc2 b5 12. e4
Nh5 13. Bh2 g6 14. Qe2 b4 15. Qe3 Rc8 16. g4 Ng7 17. Bf4 dxe4
18. Nxe4 f5 19. Nd6 fxg4 20. Nxc8 gxf3 21. Nxe7+ Qxe7 22. Bg5
Qd6 23. Rad1 Nf5 24. Qd2 bxc3 25. bxc3 Ng3 26. Bh4 Ne2+
27. Rxe2 fxe2 28. Qxe2 Qf4 29. Bg3 Qf3 30. Qe3 Ne7 31. Bd6 Nd5
32. Qh6 Qxf2+ 33. Kh1 Qf3+ 34. Kg1 Qe3+ 35. Qxe3 Nxe3 36. Bxf8
Nxd1 37. Bb4 Ne3 38. Be4 Kf7 39. Kf2 Nd1+ 40. Ke2 Nb2 41. Kf3
Kf6 42. h4 Bb5 43. Ba5 Ke7 44. Kg4 Nd3 45. Kg5 e5 46. dxe5 Ke6
47. Bc7 Nxe5 48. Kh6 Bc6 49. Bc2 Nf3 50. Bg3 Nd2 51. Kxh7 Be4
52. Bd1 Nb1 53. Be1 g5+ 54. Kh6 gxh4 55. Kg5 Na3 56. Bxh4 Bb1
57. Bg4+ Ke5 58. Bc8 a5 59. Bg3+ Ke4 60. Bc7 a4 61. Bd7 Bc2
62. Bd6 Nb1 63. Bf5+ Ke3 64. Bxc2 Nxc3 65. Bf4+ Kd4 66. a3 Nb5
67. Bc1 Nd6 68. Bxa4 c3 69. Bc2 Nb7 70. Kf4 Na5 71. Kf3 Nc6
72. Ke2 Kc4 73. Be3 Ne5 74. a4 Nc6 75. Kd1 Nb4 76. Bg5 Nxc2
77. Kxc2 Kc5 78. Kxc3 Kb6 79. Kb4 Ka7 80. Ka5 Kb7 81. Be3 Kb8
82. Kb6 Ka8 83. Ka6 Kb8 84. Kb6 Ka8 85. a5 Kb8 86. a6 Ka8
87. Kc6 Kb8 88. a7+ Ka8 89. Kc7 1/2-1/2

[Event "Reykjavik Open"]
[Site "Reykjavik ISL"]
[Date "2017.04.22"]
[EventDate "2017.04.19"]
[Round "5.103"]
[Result "1-0"]
[White "Alexander Oliver Mai"]
[Black "Elvar Orn Hjaltason"]
[WhiteElo "1813"]
[BlackElo "1643"]
[PlyCount "151"]

1. d4 Nf6 2. Nc3 d5 3. Bf4 c6 4. e3 Ne4 5. Nxe4 dxe4 6. Qd2
Bf5 7. Bc4 e6 8. Ne2 Nd7 9. Bg3 b5 10. Bb3 Nf6 11. Bh4 Be7
12. Bxf6 Bxf6 13. Ng3 Bg6 14. c3 Bh4 15. Bc2 Bxg3 16. hxg3 Ke7
17. a4 Qb6 18. a5 Qb7 19. b4 a6 20. Qe2 f5 21. Qf1 Qc7 22. Qg1
Rad8 23. Qh2 Kf7 24. O-O-O Qe7 25. g4 Qd6 26. gxf5 exf5
27. Bb3+ Ke7 28. Qh3 Qf6 29. f3 Bf7 30. Bxf7 Qxf7 31. Qh4+ Kd7
32. Kb2 Qf6 33. Qg3 g6 34. fxe4 fxe4 35. Rhf1 Qe6 36. Rf4 Rhf8
37. Rdf1 Rxf4 38. Rxf4 Re8 39. Qg5 Qe7 40. Qg4+ Qe6 41. Qh4
Re7 42. Rf8 Kc7 43. Qf4+ Qd6 44. Rc8+ Kd7 45. Qf8 Ke6 46. Qg8+
Kf6 47. Rf8+ Kg5 48. Rf4 Qd5 49. Qf8 Qe6 50. Rf1 Qd6 51. Rh1
h5 52. g4 Qf6 53. Qxf6+ Kxf6 54. gxh5 Rh7 55. Rf1+ Kg7
56. hxg6 Kxg6 57. Rf4 Re7 58. c4 Re6 59. cxb5 cxb5 60. Kc3
Rc6+ 61. Kb3 Re6 62. Rf8 Kg5 63. Kc3 Rc6+ 64. Kb3 Re6 65. Rf4
Kg6 66. d5 Rd6 67. Rxe4 Rxd5 68. Re6+ Kf7 69. Rxa6 Rd3+
70. Kc2 Rxe3 71. Rb6 Re5 72. a6 Re2+ 73. Kc3 Ke7 74. Rxb5 Kd6
75. a7 Re8 76. Rb8 1-0

[Event "Reykjavik Open"]
[Site "Reykjavik ISL"]
[Date "2017.04.22"]
[EventDate "2017.04.19"]
[Round "5.111"]
[Result "1/2-1/2"]
[White "Suni I Horni Nielsen"]
[Black "Atli Johann Leosson"]
[WhiteElo "1167"]
[BlackElo "1773"]
[PlyCount "103"]

1. e4 e5 2. Nf3 Nc6 3. Bc4 Bc5 4. Nc3 Nf6 5. d3 h6 6. a3 d6
7. h3 a5 8. Be3 Nd4 9. Bxd4 Bxd4 10. Nxd4 exd4 11. Ne2 c5
12. Nf4 Bd7 13. Nd5 Nxd5 14. Bxd5 O-O 15. O-O Bc6 16. Qh5 Qg5
17. Qxg5 hxg5 18. Bxc6 bxc6 19. b3 Ra7 20. Rfe1 f6 21. a4 Re8
22. Rad1 Rae7 23. Kf1 Kf7 24. g4 Ke6 25. Re2 Ke5 26. Rde1 Kf4
27. Kg2 d5 28. f3 dxe4 29. fxe4 Ke5 30. Kf3 Kd6 31. Kf2 g6
32. Kf3 Rf8 33. Kg3 Ref7 34. Rf2 Re7 35. Rfe2 Re5 36. Kg2 Rfe8
37. Kf3 R8e7 38. Kf2 Rf7 39. Kg3 Re8 40. Kg2 Ref8 41. Rf1 Re8
42. Rfe1 Re5 43. Kg3 Ke7 44. Kg2 Kf8 45. Kg3 Kg7 46. Kg2 Kf8
47. Kg3 Kg7 48. Kg2 Kh6 49. Kg3 Re8 50. Kg2 Ref8 51. Rf2 Kg7
52. Kg3 1/2-1/2

[Event "Reykjavik Open"]
[Site "Reykjavik ISL"]
[Date "2017.04.22"]
[EventDate "2017.04.19"]
[Round "5.112"]
[Result "1-0"]
[White "Janus Skaale"]
[Black "Saemundur Arnason"]
[WhiteElo "1765"]
[BlackElo "1232"]
[PlyCount "143"]

1. e4 e5 2. Nf3 Nc6 3. Bc4 Bc5 4. c3 d6 5. d4 exd4 6. cxd4
Bb4+ 7. Bd2 Bxd2+ 8. Nbxd2 Bg4 9. Bb5 a6 10. Bxc6+ bxc6
11. Qc2 Ne7 12. O-O O-O 13. Rac1 Ra7 14. Rfe1 h6 15. Qc3 Re8
16. Nb3 Qb8 17. Na5 Bd7 18. b3 Qb6 19. Nc4 Qb7 20. Na5 Qb6
21. b4 Rb8 22. a3 Qb5 23. Nh4 g6 24. Qe3 Qg5 25. Qxg5 hxg5
26. Nf3 g4 27. Nd2 Kf8 28. Ndc4 Nc8 29. Nb2 Ne7 30. Nd3 Rb5
31. Re3 Rg5 32. Re2 Ra8 33. Kf1 Rc8 34. Kg1 Rb5 35. Rce1 Re8
36. Rc1 Rc8 37. Nf4 Rb6 38. Nc4 Rb5 39. Nd3 d5 40. Nce5 Be6
41. Nc5 dxe4 42. Nxe6+ fxe6 43. Rxe4 Kg7 44. Nxc6 Nxc6
45. Rxc6 Kf7 46. Rcxe6 a5 47. R6e5 Rxe5 48. dxe5 axb4 49. axb4
Re8 50. Kf1 Ra8 51. Rxg4 Ra1+ 52. Ke2 Ra2+ 53. Ke3 Ra3+
54. Kd4 Rb3 55. Kc5 Ra3 56. Kb5 Rb3 57. Rc4 Rb2 58. Rxc7+ Ke6
59. Rc6+ Kxe5 60. Rxg6 Rxf2 61. Kb6 Kf5 62. Rg3 Ke6 63. b5 Kd6
64. h4 Rf8 65. Rd3+ Ke6 66. Ka6 Ra8+ 67. Kb7 Ra2 68. g3 Rg2
69. b6 Ke7 70. Kb8 Ke8 71. b7 Ke7 72. Ra3 1-0

[Event "Reykjavik Open"]
[Site "Reykjavik ISL"]
[Date "2017.04.22"]
[EventDate "2017.04.19"]
[Round "5.117"]
[Result "1-0"]
[White "Adalsteinn Thorarensen"]
[Black "Bjorgvin Kristbergsson"]
[WhiteElo "1686"]
[BlackElo "1060"]
[PlyCount "103"]

1. e4 e5 2. Nf3 Nc6 3. Bb5 Bd6 4. c3 Nf6 5. d3 h6 6. Nbd2 Be7
7. Bxc6 bxc6 8. Nxe5 O-O 9. O-O Bd6 10. Nec4 Nh7 11. Nxd6 cxd6
12. Nc4 d5 13. Nd6 Ba6 14. Bf4 dxe4 15. Nxe4 Qh4 16. Bg3 Qd8
17. Re1 Nf6 18. Nc5 Bc8 19. Qa4 Qb6 20. Bd6 Re8 21. Qb3 Rxe1+
22. Rxe1 Qxb3 23. axb3 Kh7 24. f3 Nd5 25. Re8 Nf6 26. Re1 Nd5
27. Kf2 a5 28. g3 Ba6 29. Ra1 Bc8 30. b4 a4 31. Rxa4 Rxa4
32. Nxa4 Ba6 33. Nc5 Bc8 34. f4 f6 35. Kf3 Kg6 36. g4 Kf7
37. h4 g6 38. Ke4 g5 39. hxg5 fxg5 40. fxg5 hxg5 41. Kf5 Ne3+
42. Kxg5 Nd5 43. Ne4 Ke6 44. Kg6 Ne3 45. g5 Nf5 46. Nc5+ Kxd6
47. Kxf5 Kd5 48. Kf6 Ba6 49. c4+ Kd4 50. Nxa6 Kxd3 51. b5 cxb5
52. cxb5 1-0

[Event "Reykjavik Open"]
[Site "Reykjavik ISL"]
[Date "2017.04.22"]
[EventDate "2017.04.19"]
[Round "5.118"]
[Result "1/2-1/2"]
[White "Flovin M Tummasarson"]
[Black "Ulker Gasanova"]
[WhiteElo "1224"]
[BlackElo "1591"]
[PlyCount "100"]

1. e4 c5 2. Nf3 d6 3. c3 a6 4. Be2 Nf6 5. O-O e6 6. d3 Be7
7. Bg5 O-O 8. Nbd2 b5 9. b4 Qc7 10. Rc1 Bb7 11. a3 Nbd7
12. Re1 h6 13. Bh4 Rac8 14. Qb3 Rfe8 15. Bxf6 Bxf6 16. c4 Qb8
17. cxb5 axb5 18. bxc5 Rxc5 19. Rxc5 Nxc5 20. Qxb5 Rc8 21. Rb1
Qa7 22. Nc4 Ba6 23. Qb6 Qxb6 24. Rxb6 Bxc4 25. dxc4 Nxe4
26. h3 d5 27. cxd5 Rc1+ 28. Kh2 Nxf2 29. dxe6 fxe6 30. Rxe6
Kf7 31. Ra6 h5 32. g3 Rc2 33. Ra7+ Ke6 34. Bb5 Ne4+ 35. Kg1
Nxg3 36. a4 Rb2 37. Bd7+ Kd6 38. a5 Bd8 39. Bc8 g5 40. Rd7+
Kc6 41. Rxd8 Ne2+ 42. Kf1 Ng3+ 43. Ke1 Kc7 44. Rg8 Rb1+
45. Kd2 Rb8 46. Be6 Rxg8 47. Bxg8 g4 48. hxg4 hxg4 49. Ne5
Ne4+ 50. Ke3 Nc5 1/2-1/2

[Event "Reykjavik Open"]
[Site "Reykjavik ISL"]
[Date "2017.04.22"]
[EventDate "2017.04.19"]
[Round "5.121"]
[Result "1-0"]
[White "Batel Goitom Haile"]
[Black "Baltasar Mani Wedhol Gunnarsson"]
[WhiteElo "1197"]
[BlackElo "1230"]
[PlyCount "123"]

1. e4 e5 2. Nf3 Nc6 3. Bc4 Bc5 4. d3 Nf6 5. Nc3 Bb4 6. Bd2
Bxc3 7. Bxc3 O-O 8. O-O d6 9. h3 h6 10. Re1 Bd7 11. Qe2 Re8
12. a3 a6 13. b4 Be6 14. Ba2 Bxa2 15. Rxa2 Re7 16. Raa1 Qd7
17. Qd2 b5 18. Re2 Rae8 19. Rae1 d5 20. exd5 Qxd5 21. Bb2 Kf8
22. Kf1 Re6 23. Kg1 Nd4 24. Nxd4 exd4 25. Rxe6 Rxe6 26. Rxe6
fxe6 27. c3 e5 28. cxd4 exd4 29. Qf4 c5 30. bxc5 Qxc5 31. Qxd4
Qxd4 32. Bxd4 Nd5 33. g3 b4 34. axb4 Nxb4 35. Bc5+ Kf7
36. Bxb4 Ke6 37. Kf1 Kd5 38. Ke2 Kd4 39. Kd2 g6 40. f4 h5
41. h4 Kd5 42. Ke3 Ke6 43. Ke4 Kf6 44. d4 Ke6 45. d5+ Kd7
46. Ke5 Kc7 47. Ke6 Kb6 48. d6 Kb5 49. Bd2 a5 50. Bxa5 Kxa5
51. d7 Kb4 52. d8=Q Kc4 53. Ke5 g5 54. fxg5 Kb4 55. Qc8 Kb5
56. Kd4 Kb6 57. Kd5 Ka7 58. Qc1 Kb7 59. Kd6 Kb8 60. Kd7 Ka8
61. Kc7 Ka7 62. Qa1# 1-0

[Event "Reykjavik Open"]
[Site "Reykjavik ISL"]
[Date "2017.04.22"]
[EventDate "2017.04.19"]
[Round "5.122"]
[Result "0-1"]
[White "Bjartur Thorisson"]
[Black "Lorenz Theuer"]
[WhiteElo "1071"]
[BlackElo "1583"]
[PlyCount "160"]

1. e4 e6 2. d4 d5 3. Nd2 Nf6 4. e5 Nfd7 5. Bd3 c5 6. Ne2 cxd4
7. Nf3 Nc6 8. Bf4 Qc7 9. Nexd4 Be7 10. Qe2 a6 11. O-O Nb4
12. Rfe1 Nxd3 13. Qxd3 Nc5 14. Qc3 Qd8 15. Rad1 Bd7 16. Qe3
Ne4 17. Nd2 Nxd2 18. Rxd2 Rc8 19. c3 b5 20. Nf3 b4 21. Rd3 Bb5
22. Rdd1 bxc3 23. bxc3 Qa5 24. Rc1 Qxa2 25. Nd2 Qa5 26. Nb1
O-O 27. Bg5 Bxg5 28. Qxg5 Rc6 29. Re3 Qd8 30. Qg4 Rc4 31. Qg3
Qh4 32. Qxh4 Rxh4 33. g3 Rc4 34. Na3 Rc5 35. Rb1 Rfc8 36. Nxb5
axb5 37. Rb3 Kf8 38. Kf1 Rb8 39. Ke2 Rc4 40. Kd2 b4 41. f4
bxc3+ 42. Rexc3 Rxb3 43. Rxb3 g5 44. Rb8+ Kg7 45. fxg5 Rg4
46. Ke3 Rxg5 47. Kd4 Rg4+ 48. Kc5 h5 49. Kd6 Rg5 50. Ra8 h4
51. gxh4 Rg4 52. Ke7 Rxh4 53. Rf8 Rf4 54. h3 Rf5 55. h4 Rxe5
56. Rxf7+ Kh6 57. Rf4 Re4 58. Rf3 Kh5 59. Rh3 e5 60. Ke6 d4
61. Kf5 Re3 62. Rh2 e4 63. Kf4 Re1 64. Rd2 d3 65. Rg2 e3
66. Rg3 d2 67. Rg5+ Kh6 68. Kf5 Rf1+ 69. Ke4 d1=Q 70. Kxe3
Re1+ 71. Kf2 Qd2+ 72. Kf3 Qxg5 73. hxg5+ Kxg5 74. Kf2 Re4
75. Kf3 Kf5 76. Kf2 Kg4 77. Kg2 Re2+ 78. Kf1 Kf3 79. Kg1 Kg3
80. Kh1 Re1# 0-1

[Event "Reykjavik Open"]
[Site "Reykjavik ISL"]
[Date "2017.04.22"]
[EventDate "2017.04.19"]
[Round "5.123"]
[Result "1/2-1/2"]
[White "Magnus Hjaltason"]
[Black "Benedikt Thorisson"]
[WhiteElo "1205"]
[BlackElo "1057"]
[PlyCount "76"]

1. e4 c5 2. Nf3 e6 3. d4 cxd4 4. Nxd4 Nc6 5. Nc3 Qc7 6. Be3 a6
7. f3 Nf6 8. Nxc6 Qxc6 9. Qd2 d5 10. exd5 Nxd5 11. Nxd5 exd5
12. O-O-O Be6 13. Bd4 b5 14. Qc3 Rc8 15. Qxc6+ Rxc6 16. Bd3 f6
17. Rhe1 Kf7 18. Kb1 Bc5 19. Bxc5 Rxc5 20. Re2 Re8 21. Rde1
Rc7 22. f4 Rce7 23. h3 g6 24. h4 Bg4 25. Rxe7+ Rxe7 26. Rxe7+
Kxe7 27. Kc1 Ke6 28. Kd2 Bf5 29. Be2 Be4 30. g4 h6 31. b3 g5
32. hxg5 hxg5 33. fxg5 fxg5 34. c4 dxc4 35. bxc4 bxc4
36. Bxc4+ Bd5 37. Bxa6 Bxa2 38. Bc8+ Ke5 1/2-1/2

[Event "Reykjavik Open"]
[Site "Reykjavik ISL"]
[Date "2017.04.23"]
[EventDate "2017.04.19"]
[Round "6.1"]
[Result "1/2-1/2"]
[White "Anish Giri"]
[Black "Nils Grandelius"]
[WhiteElo "2771"]
[BlackElo "2641"]
[PlyCount "134"]

1. Nf3 d5 2. g3 g6 3. Bg2 Bg7 4. d4 Nf6 5. O-O O-O 6. c4 dxc4
7. Na3 c5 8. dxc5 c3 9. Nb5 Na6 10. Nxc3 Nxc5 11. Be3 Nfe4
12. Nxe4 Nxe4 13. Bd4 Bxd4 14. Qxd4 Qxd4 15. Nxd4 Nd6 16. Rfc1
Rd8 17. f4 Kf8 18. Kf2 Rb8 19. Rc5 Ne4+ 20. Bxe4 Rxd4 21. Ke3
Rb4 22. b3 Be6 23. Rac1 b6 24. Rc7 a5 25. Ra7 a4 26. Rxa4 Rxa4
27. bxa4 Bxa2 28. Rc7 Rd8 29. Bc6 Rd6 30. Bb5 f6 31. g4 Be6
32. g5 fxg5 33. fxg5 Kf7 34. h4 Bb3 35. Rb7 Bd5 36. Rb8 Kg7
37. Re8 Kf7 38. Rc8 Kg7 39. Rc7 Kf7 40. Kf4 Re6 41. Bd3 Rc6
42. Rxc6 Bxc6 43. Bc4+ e6 44. Bb3 Ke7 45. Ke5 Bd7 46. e4 Bc6
47. Kd4 Kd6 48. e5+ Kd7 49. Kc3 Bf3 50. Bc4 Bg4 51. Bb5+ Kd8
52. Kb4 Bf5 53. Be2 Kc7 54. h5 gxh5 55. Bxh5 Kc6 56. Bf3+ Kc7
57. Kc3 Kd7 58. Be2 Kc6 59. Kd4 Kd7 60. Bb5+ Kd8 61. Kc4 Kc7
62. Kb4 Kb7 63. Be2 Kc6 64. Bf3+ Kc7 65. Bg2 Kd7 66. Kb5 Kc7
67. Bf1 Kb7 1/2-1/2

[Event "Reykjavik Open"]
[Site "Reykjavik ISL"]
[Date "2017.04.23"]
[EventDate "2017.04.19"]
[Round "6.4"]
[Result "1/2-1/2"]
[White "Gawain Jones"]
[Black "Abhijeet Gupta"]
[WhiteElo "2671"]
[BlackElo "2607"]
[PlyCount "38"]

1. e4 c5 2. Nf3 d6 3. Bb5+ Nd7 4. a4 Nf6 5. Nc3 e6 6. d4 cxd4
7. Qxd4 Be7 8. O-O O-O 9. a5 a6 10. Be2 e5 11. Qe3 b5 12. axb6
Nxb6 13. Rd1 Qc7 14. b3 Bb7 15. Bb2 Rfe8 16. Bd3 Nbd7 17. Bc4
Nb6 18. Bd3 Nbd7 19. Bc4 Nb6 1/2-1/2

[Event "Reykjavik Open"]
[Site "Reykjavik ISL"]
[Date "2017.04.23"]
[EventDate "2017.04.19"]
[Round "6.7"]
[Result "1/2-1/2"]
[White "Awonder Liang"]
[Black "Mustafa Yilmaz"]
[WhiteElo "2483"]
[BlackElo "2614"]
[PlyCount "61"]

1. e4 c5 2. Nf3 d6 3. Bb5+ Nd7 4. O-O a6 5. Bd3 Ngf6 6. Re1 e6
7. c3 b5 8. Bc2 c4 9. a4 Bb7 10. axb5 axb5 11. Rxa8 Qxa8
12. Na3 Be7 13. Nxb5 O-O 14. Qe2 Rc8 15. Nbd4 g6 16. b4 cxb3
17. Nxb3 Qa2 18. Qd1 e5 19. h3 Bf8 20. Ng5 d5 21. d4 Rxc3
22. Re2 dxe4 23. dxe5 Nxe5 24. Bf4 Nc6 25. Nc1 Qd5 26. Nxe4
Qxd1+ 27. Bxd1 Nxe4 28. Rxe4 Nb4 29. Re8 Rc8 30. Rxc8 Bxc8
31. Bf3 1/2-1/2

[Event "Reykjavik Open"]
[Site "Reykjavik ISL"]
[Date "2017.04.23"]
[EventDate "2017.04.19"]
[Round "6.8"]
[Result "1-0"]
[White "Konstantin Landa"]
[Black "Bragi Thorfinnsson"]
[WhiteElo "2611"]
[BlackElo "2457"]
[PlyCount "127"]

1. Nf3 d5 2. g3 g6 3. Bg2 Bg7 4. d4 Nf6 5. O-O O-O 6. Nbd2 c6
7. b3 a5 8. a4 Na6 9. Bb2 Bf5 10. Nh4 Be6 11. e3 Rc8 12. Qe2
c5 13. c3 Ne8 14. Nhf3 Bf5 15. Ne5 cxd4 16. exd4 Nec7 17. g4
Be6 18. f4 f6 19. Nd3 Qd7 20. h3 Bf7 21. Rf3 Rfe8 22. Re3 b6
23. Re1 e6 24. g5 f5 25. Ne5 Bxe5 26. Rxe5 b5 27. axb5 Nxb5
28. c4 Nbc7 29. cxd5 exd5 30. Nf3 Nb4 31. Rxe8+ Rxe8 32. Ne5
Qd6 33. Rc1 Ne6 34. Qd2 Ra8 35. Kh2 Be8 36. Ba3 Rb8 37. h4 Rd8
38. Nd3 Rb8 39. Kg3 Bf7 40. Qe3 Rd8 41. Ne5 Be8 42. Bf3 Nc7
43. Rc5 Nba6 44. Rxa5 Qb6 45. Be7 Rb8 46. Ra3 Qe6 47. Bc5 h5
48. Ra5 Bb5 49. Qc3 Kg7 50. b4 Rb7 51. Ra1 Rb8 52. Re1 Re8
53. Nd3 Qc8 54. Re5 Bc4 55. Be7 Ne6 56. Bf6+ Kf7 57. Nc5 Nac7
58. Qe3 Qa8 59. Bd1 Nxc5 60. Re7+ Kf8 61. bxc5 Qc6 62. Qe5 Ne6
63. Rxe8+ Qxe8 64. Ba4 1-0